Několik pohledů na mediální referenční skupiny

Mediálna referenčná skupina ako skupina alebo osoba vnímaná ako významná sila pôsobiaca na postoje, jednania spotrebiteľa. Spôsob zapojenia mediálnych referenčných skupín. Rámcové základy vnímania mediálnych referenčných skupín. Dôveryhodnosť celebrít. Zapojenie referenčných skupín do Event marketin...

Ausführliche Beschreibung

Gespeichert in:
Bibliographische Detailangaben
1. Verfasser: Koudelka, Jan
Format: Buchkapitel
Sprache:Tschechisch
Schlagworte:
Tags: Tag hinzufügen
Keine Tags, Fügen Sie das erste Tag hinzu!

MARC

LEADER 00000naa$a2200000$$$4500
001 0020304
005 20231114074828.4
041 0 |a cze 
044 |a CZ 
245 1 0 |a Několik pohledů na mediální referenční skupiny  |c Jan Koudelka 
520 |a Mediálna referenčná skupina ako skupina alebo osoba vnímaná ako významná sila pôsobiaca na postoje, jednania spotrebiteľa. Spôsob zapojenia mediálnych referenčných skupín. Rámcové základy vnímania mediálnych referenčných skupín. Dôveryhodnosť celebrít. Zapojenie referenčných skupín do Event marketingu. 
610 2 0 |a marketing 
610 2 0 |a postoje 
610 2 0 |a spotrebitelia 
610 2 0 |a komunikácia marketingová 
610 2 0 |a komunikácia masová 
100 1 |a Koudelka, Jan